| 000 | 00453nam a2200181Ia 4500 | ||
|---|---|---|---|
| 001 | 4150 | ||
| 005 | 20260306145734.0 | ||
| 008 | 260306t2022||||xx |||||||||||||| ||spa|| | ||
| 041 | _aESP | ||
| 082 |
_a306.9 _bA159Q |
||
| 100 |
_aAlvira, Rafael _eAUT |
||
| 245 | 0 |
_aQué aporta la muerte a la vida: _bperspectiva interdisciplinar |
|
| 260 | _c2022 | ||
| 300 |
_a400 páginas : _c23 cm. |
||
| 650 | _aGEN | ||
| 654 | _aCED | ||
| 942 |
_cLIB _dJUS _fJUS _2ddc _n |
||
| 999 |
_c4150 _d4150 |
||